Strojné zariadenia elektrární a teplární : Olejové hospodárstvo /
Salvato in:
| Autore principale: | |
|---|---|
| Natura: | Libro |
| Lingua: | slovacco |
| Pubblicazione: |
Bratislava :
STU v Bratislave,
1977
|
| Edizione: | 1.vyd. |
| Tags: |
Nessun Tag, puoi essere il primo ad aggiungerne!!
|
MARC
| LEADER | 00000nam a22000003a 4500 | ||
|---|---|---|---|
| 001 | stu6883 | ||
| 005 | 20150617225809.3 | ||
| 008 | 940721s1977----cs------------------slo-d | ||
| 040 | |a STU |b slo | ||
| 041 | 0 | |a slo | |
| 044 | |a cs | ||
| 100 | 1 | |a Böhmer, Branislav |4 aut | |
| 245 | 1 | |a Strojné zariadenia elektrární a teplární : |b Olejové hospodárstvo / |c [aut.] Böhmer,Branislav | |
| 250 | |a 1.vyd. | ||
| 260 | |a Bratislava : |b STU v Bratislave, |c 1977 | ||
| 300 | |a 29 s | ||
| 996 | |b 284EK09135 |c E*38701 |l EE0105 |s P |a 0 |w stu6883_0001 | ||